000 00645 a2200181 4500
003 Nust
005 20221221093654.0
040 _cNust
082 _a323.3,BEN
100 _aBendix,Reinhard
_937695
245 _aCalass status,and power /
_cReinhard Bendix
250 _a2nd
260 _aIslamabad
_bNational book foundation
_c2010
300 _axviii,677
505 _aTheories of Class Structure (Page-1), The Continuing Debate on Equality (Page-47), Historical and Comparative Studies (Page-97), Power and Status Relations (Page-201).
650 _asocial stratification in comparative perspective
_9105439
942 _2ddc
_cBK
_k323.3,BEN
999 _c190553
_d190553